banner-ar

البوليس المصرى : (Record no. 63357)

MARC details
000 -الفاتح
حقل البيانات ثابتة الطول 01053nam a22002417a 4500
005 - وقت وتاريخ اخر تعامل مع التسجيلة
رقم الضبط 20240530110636.0
008 - عناصر البيانات ثابتة الطول - معلومات عامة
حقل البيانات ثابتة الطول 170925s2016 ua f b 000 0 ara d
017 ## - رقم الايداع القانونى
رقم الايداع القانونى 2016/3474
المصدر ( الهيئة المختصة) مصر. دار الكتب
020 ## - الرقم الدولى المعيارى للكتب
الرقم الدولى المعيارى للكتاب 9789771812197
040 ## - مصدر الفهرسة
وكالة الفهرسة الأصلية EG-CaGPL
وكالة النسخ EG-CaGPL
082 04 - رقم تصنيف ديوى العشرى
رقم الطبعة 21
رقم التصنيف 363.20962
رقم المادة ق/ع ب
100 0# - المدخل الرئيسى - إسم شخصى
الإسم الشخصى عبدالوهاب بكر .
245 12 - بيان العنوان
العنوان البوليس المصرى :
بقية العنوان مدخل لتاريخ الادارة المصرية 1805 - 1922 /
بيان المسئوليه,etc عبدالوهاب بكر ؛ اعداد و تحرير مسئولة عطية على ، صفاء محمد شاكر .
250 ## - بيان الطبعة
بيان الطبعة ط.1
260 ## - PUBLICATION, DISTRIBUTION, ETC. (IMPRINT)
تاريخ النشر أو التوزيع 2016 .
300 ## - الوصف المادى
التعداد 411 ص ؛
أبعاد الوعاء 24 سم .
650 07 - المدخل الاضافى بالموضوع-مصطلح موضوعى
مصدر الرأس أو المصطلح qrmak
مصطلح موضوعي الشرطة
التقسيم الفرعي الجغرافي مصر .
650 07 - المدخل الاضافى بالموضوع-مصطلح موضوعى
مصدر الرأس أو المصطلح qrmak
مصطلح موضوعي الشرطة
التقسيم الفرعي العام تنظيم و ادارة .
700 0# - المدخل الاضافى - اسم شخصى
الإسم الشخصى مسئولة عطية على
الدور معد و محرر .
700 0# - المدخل الاضافى - اسم شخصى
الإسم الشخصى صفاء محمد شاكر
الدور معد و محرر .
942 ## - عناصر المدخل الإضافي( كوها)
مصدر التصنيف او مخطط الترفيف Dewey Decimal Classification
Koha [default] item type كتاب
260 ## - PUBLICATION, DISTRIBUTION, ETC. (IMPRINT)
-- القاهرة :
-- مطبعة دار الكتب و الوثائق القومية بالقاهرة ،
Holdings
حالة التراجع حالة الفقد حالة تلف ليس للاعارة المكان المؤقت الموقع الحالى موقع الترفيف تاريخ الاكتساب اجمالي اﻻعارات رقم الطلب الباركود تاريخ اخر مشاهدة تاريخ تفعيل السعر نوع وعاء كوها
        مكتبة القاهرة الكبرى مكتبة القاهرة الكبرى   09/25/2017   363.20962 ق/ع ب 163344 10/05/2022 09/25/2017 كتاب

Powered By

EGPV